Normal view
MARC view
Entry Personal Name
001 - CONTROL NUMBER
- control field: 19568
003 - CONTROL NUMBER IDENTIFIER
- control field: ARRUPE
005 - DATE AND TIME OF LATEST TRANSACTION
- control field: 20150909122157.0
008 - FIXED-LENGTH DATA ELEMENTS
- fixed length control field: 150909|| aca||aabn | a|a d
040 ## - CATALOGING SOURCE
- Original cataloging agency: ARRUPE
- Transcribing agency: ARRUPE
100 ## - HEADING--PERSONAL NAME
- Personal name: Asquith, Peter D.
670 ## - SOURCE DATA FOUND
- Source citation: Work cat.: (ARRUPE)0: P.S.A. Critical Research Problems Conference (1977 : Reston, Va.) 19567, Current research in philosophy of science :, 1979.